QCM Les grandes émissions de radio - Statistiques

Statistiques générales
  • Ce quiz a été pris 13 fois
  • Le résultat moyen est 7 sur 30
Statistiques - réponses
Question Réponse % Correct
Allô Macha elle était animée par Macha Méril
73%
L'Oreille en coin elle était animée par Ph. Bouvard
45%
Bons baisers de partout c'est une émission de voyage
36%
Rien à cirer c'était une émission de RTL
36%
Les routiers sont sympas elle a duré de 1970 à 1985
36%
Stop ou encore elle a été créée par Gérard Klein
36%
Le grand jury elle est une émission consacrée à la consommation
36%
Les Grosses têtes les personnalités qui jouent sont les Académiciens
36%
La Famille Duraton son titre initial était "A table"
36%
Les Grandes Gueules c'est une émission comique
27%
Ca peut pas faire de mal c'était une émission de médecine
27%
Radioscopie elle durait 2h30
27%
Le Hit-Parade elle était une émission d'Europe 1
27%
Pop Club elle n'a jamais cjangé de générique
27%
Le téléphone sonne elle a été créé en 1988
18%
La Fabrique de l'histoire... elle commençait à 13h30
18%
Les auditeurs ont la parole elle commence à 20h15
18%
La tribune des critiques de disques elle est consacrée à la chanson française
18%
Franck Ferrand raconte elle est diffusée du vendredi au dimanche
18%
2000 ans d'histoire elle était diffusée à 15h
18%
L'homme des voeux était Pierre Tchernia
18%
Quitte ou double il fallait répondre à 12 questions
18%
Signé Furax le prénom de Furax était Arsène
18%
La Valise RTL pour espérer gagner il fallait décrocher avant la 10e sonnerie
18%
Top 50 elle a été diffusé à la télévision jusqu'en 2000
9%
Les Français parlent aux Français elle est diffusée à partir du 20 juin 1940
9%
La prochaine fois je vous le chanterai elle était diffusée sur France Culture
9%
Rendez-vous avec lui elle a été créée en 1968
0%
Carrefour de Lodéon elle avait pour générique un extrait d'Aida
0%
Larqué foot elle s'intéressait au football dans le monde
0%
Aucun quiz correspondant
Distribution des résultats
% des personnes avec chaque résultat
Percentile par nombre de réponses
Votre historique - résultats
Vous n’avez pas pris ce quiz